Normal view
MARC view
- Mayuri Gaikwad - 2k181133 & Prof Genesh Lotke - Guide
Entry Personal Name
001 - CONTROL NUMBER
- control field: 119002
003 - CONTROL NUMBER IDENTIFIER
- control field: OSt
005 - DATE AND TIME OF LATEST TRANSACTION
- control field: 20230128171340.0
008 - FIXED-LENGTH DATA ELEMENTS
- fixed length control field: 230128|| aca||aabn | a|a d
040 ## - CATALOGING SOURCE
- Original cataloging agency: OSt
- Transcribing agency: OSt
100 ## - HEADING--PERSONAL NAME
- Personal name: Mayuri Gaikwad - 2k181133 & Prof Genesh Lotke - Guide
670 ## - SOURCE DATA FOUND
- Source citation: Work cat.: (OSt)97306: Mayuri Gaikwad - 2k181133 & Prof Genesh Lotke - Guide, A Study Of Bosch Production System, 2019